000 00327nam a2200121Ia 4500
008 210430s9999 xx 000 0 und d
082 _a621.3815 S565 S
100 _aZhe Chuan Feng (ed)
_952805
245 _aSic Power Materials
_cZhe Chuan Feng (ed)
260 _aBerlin
_bSpringer
_c2004
300 _a450p.
942 _cBK
_2ddc
999 _c562263
_d562263